000 00595nam a2200229 a 4500
999 _c1273
_d1273
001 1273
003 BD-JhCC
005 20171021121456.0
008 171017s1994 II a|||| |||| 001 0 eng d
020 _a8170291291
035 _a(BD-JhCC)1273
040 _aBD-JhCC
_dBD-JhCC
041 _aeng
082 _a005.7565
_bSIE 1994
100 _aSiegel, Charles
245 _aMastering FoxPro 2.6 /
_cCharles Siegel
250 _aSpecial Edition.
260 _aNew Delhi :
_bBPB Publications,
_c1994.
300 _a935 p :
_bill. ;
_c24 cm.
650 _aFoxPro (Computer File)
942 _2ddc
_cREF